00850 2200301 4500001002100000005001500021035002000036007000300056008004100059040002200100082001700122084001700139090001900156245002700175300002500202500002400227650003300251650001200284850001200296041000800308264009400316336002100410337003000431338002300461546002400484990002000508990002000528INLIS00000000084873120190625094216 a0010-0619000686ta190625n g 1 | d aYOPDYOGbinderda04223a899.2221 a899.2221 SER aL 899.2221 SER0 aSerat panji narawangsa a120 halaman ;c21 cm aTeks beraksara Jawa 4aKasusasteraan Jawa--xcerita 4aTembang aYOPDYOG0 ajav3 aBatawi sentrem :b[Penerbit tidak teridentifikasi],c[Tahun terbit tidak teridentifikasi] 2rdacontentateks 2rdamediaatanpa perantara 2rdacarrieravolume aTeks berbahasa Jawa a62138-PD/A.2019 a62138-PD/A.2019